<?xml version="1.0" encoding="UTF-8"?>
<record
    xmlns:xsi="http://www.w3.org/2001/XMLSchema-instance"
    xsi:schemaLocation="http://www.loc.gov/MARC21/slim http://www.loc.gov/standards/marcxml/schema/MARC21slim.xsd"
    xmlns="http://www.loc.gov/MARC21/slim">

  <leader>00635nam a22002057a 4500</leader>
  <controlfield tag="005">20250227075623.0</controlfield>
  <controlfield tag="008">250227b        |||||||| |||| 00| 0 eng d</controlfield>
  <datafield tag="020" ind1=" " ind2=" ">
    <subfield code="a">9789358494556</subfield>
  </datafield>
  <datafield tag="040" ind1=" " ind2=" ">
    <subfield code="a">IN-DiNC</subfield>
    <subfield code="c">IN-DiNC</subfield>
  </datafield>
  <datafield tag="041" ind1=" " ind2=" ">
    <subfield code="d">asm</subfield>
  </datafield>
  <datafield tag="082" ind1=" " ind2=" ">
    <subfield code="a">954</subfield>
    <subfield code="b">BHU</subfield>
  </datafield>
  <datafield tag="100" ind1=" " ind2=" ">
    <subfield code="a">Bhuyan, Pranjal</subfield>
    <subfield code="e">author</subfield>
  </datafield>
  <datafield tag="245" ind1=" " ind2=" ">
    <subfield code="a">Bharatbarshar itihas:</subfield>
    <subfield code="b">chaturtha khanda/1206-1526 (Major5)/</subfield>
    <subfield code="c">by Pranjal Bhuyan and Tachadduk Amanul Hussain</subfield>
  </datafield>
  <datafield tag="250" ind1=" " ind2=" ">
    <subfield code="a">1st ed.</subfield>
  </datafield>
  <datafield tag="260" ind1=" " ind2=" ">
    <subfield code="a">Dibrugarh:</subfield>
    <subfield code="b">Banalata,</subfield>
    <subfield code="c">2025.</subfield>
  </datafield>
  <datafield tag="300" ind1=" " ind2=" ">
    <subfield code="a">190p.</subfield>
  </datafield>
  <datafield tag="650" ind1=" " ind2=" ">
    <subfield code="a">History of India: part iv/1206-1526 (Major5)</subfield>
  </datafield>
  <datafield tag="700" ind1=" " ind2=" ">
    <subfield code="a">Hussain, Tachadduk Amanul</subfield>
    <subfield code="e">author</subfield>
  </datafield>
  <datafield tag="942" ind1=" " ind2=" ">
    <subfield code="2">ddc</subfield>
    <subfield code="c">BK</subfield>
  </datafield>
  <datafield tag="999" ind1=" " ind2=" ">
    <subfield code="c">12077</subfield>
    <subfield code="d">12077</subfield>
  </datafield>
  <datafield tag="952" ind1=" " ind2=" ">
    <subfield code="0">0</subfield>
    <subfield code="1">0</subfield>
    <subfield code="2">ddc</subfield>
    <subfield code="4">0</subfield>
    <subfield code="7">0</subfield>
    <subfield code="8">HIS</subfield>
    <subfield code="a">MAIN</subfield>
    <subfield code="b">MAIN</subfield>
    <subfield code="c">GEN</subfield>
    <subfield code="d">2025-02-27</subfield>
    <subfield code="g">200.00</subfield>
    <subfield code="l">8</subfield>
    <subfield code="o">954 BHU</subfield>
    <subfield code="p">30465</subfield>
    <subfield code="q">2026-05-12</subfield>
    <subfield code="r">2026-04-23 08:29:04</subfield>
    <subfield code="s">2026-04-23</subfield>
    <subfield code="t">1</subfield>
    <subfield code="w">2025-02-27</subfield>
    <subfield code="y">BK</subfield>
  </datafield>
  <datafield tag="952" ind1=" " ind2=" ">
    <subfield code="0">0</subfield>
    <subfield code="1">0</subfield>
    <subfield code="2">ddc</subfield>
    <subfield code="4">0</subfield>
    <subfield code="7">0</subfield>
    <subfield code="8">HIS</subfield>
    <subfield code="a">MAIN</subfield>
    <subfield code="b">MAIN</subfield>
    <subfield code="c">GEN</subfield>
    <subfield code="d">2025-02-27</subfield>
    <subfield code="g">200.00</subfield>
    <subfield code="l">6</subfield>
    <subfield code="o">954 BHU</subfield>
    <subfield code="p">30466</subfield>
    <subfield code="q">2026-05-15</subfield>
    <subfield code="r">2026-04-27 07:11:03</subfield>
    <subfield code="s">2026-04-27</subfield>
    <subfield code="t">2</subfield>
    <subfield code="w">2025-02-27</subfield>
    <subfield code="y">BK</subfield>
  </datafield>
  <datafield tag="952" ind1=" " ind2=" ">
    <subfield code="0">0</subfield>
    <subfield code="1">0</subfield>
    <subfield code="2">ddc</subfield>
    <subfield code="4">0</subfield>
    <subfield code="7">0</subfield>
    <subfield code="8">HIS</subfield>
    <subfield code="a">MAIN</subfield>
    <subfield code="b">MAIN</subfield>
    <subfield code="c">GEN</subfield>
    <subfield code="d">2025-02-27</subfield>
    <subfield code="g">200.00</subfield>
    <subfield code="l">6</subfield>
    <subfield code="o">954 BHU</subfield>
    <subfield code="p">30467</subfield>
    <subfield code="q">2026-06-02</subfield>
    <subfield code="r">2026-05-14 06:27:19</subfield>
    <subfield code="s">2026-05-14</subfield>
    <subfield code="t">3</subfield>
    <subfield code="w">2025-02-27</subfield>
    <subfield code="y">BK</subfield>
  </datafield>
</record>
